Normal view
MARC view
- Tan, S.T
Entry Personal Name
001 - CONTROL NUMBER
- control field: 83964
003 - CONTROL NUMBER IDENTIFIER
- control field: NUST
005 - DATE AND TIME OF LATEST TRANSACTION
- control field: 20211112101326.0
008 - FIXED-LENGTH DATA ELEMENTS
- fixed length control field: 211112|| aca||aabn | a|a d
040 ## - CATALOGING SOURCE
- Original cataloging agency: NUST
- Transcribing agency: NUST
100 ## - HEADING--PERSONAL NAME
- Personal name: Tan, S.T
670 ## - SOURCE DATA FOUND
- Source citation: Work cat.: (NUST)571511: Tan, S.T, Calculus , For The Managerial Life And Social Sciences, 2000.
